000 00875nem a2200241 i 4500
001 bg
245 0 0 _aPolska
_h[Dokument elektroniczny] :
_batlas drogowy turystyczno-krajoznawczy /
_coprac. wydawca.
246 1 _aAtlas Polski
254 _aDane kartograficzne
260 _aKatowice :
_bWydaw. Kartograficzne "Mapy Ścienne" Beata Piętka,
_c[2003].
300 _a1 dysk optyczny (CD ROM) :
_bkolor. ;
_c12 cm.
500 _aTyt. z ekranu tytułowego.
500 _aTyt. z etykiety dysku: Atlas Polski.
500 _aWymagania systemowe: IBM PC; Windows 98 lub nowsze; karta graficzna 800x600 Hicolor; karta dźwiękowa; czytnik CD-ROM.
650 9 _aPolska
655 _aMapy turystyczne
655 _aDokumenty elektroniczne
040 _cBPK
041 _apol
080 _a912:379.85+656.13(438)
942 _cCD
008 s pl f |000 0 pol
999 _c24073
_d24073
856 _uhttp://koha.tu.koszalin.pl/cgi-bin/koha/opac-detail.pl?biblionumber=24073
_yKatalog online BPK